LDR 00882naa#a2200181#i#450# 001 RU\\bibl\20298 005 20260701075004.3 100 ## _a20260630b2026####ek#y0rusy0150####ca 102 ## _aRU 200 1# _aТЕХНОЛОГИИ УПРАВЛЕНИЯ ДАННЫМИ В РЕЖИМЕ РЕАЛЬНОГО ВРЕМЕНИ _eСтатья/тезисы конференции 210 1# _aВоронеж _cВоронежский государственный лесотехнический университет имени Г.Ф. Морозова _d2026 215 ## _a4 с. 608 ## _aСтатья/тезисы конференции _2local 675 ## _aФункционирование базы данных. 004.658.2 _z 700 #1 _aШульгина _gА. Н. 700 #1 _aОксюта _gОлеся Владимировна 700 #1 _aКущева _gИрина Сергеевна 856 4# _abibl.vgltu.ru _u